000 01110nam a2200265 i 4500
001 186342
003 ES-MaACL
005 20250920063115.0
007 t|
008 161026s1928 sp a |||| | spa d
080 _a821.134.2(72)-92"18"
100 1 _aNervo, Amado,
_d1870-1919
_985404
245 1 4 _aLas ideas de Tello Téllez
_b; Como el cristal /
_cAmado Nervo ; [texto al cuidado de Alfonso Reyes ; ilustraciones de Marco].
246 3 0 _aComo el cristal
260 _aMadrid :
_bBiblioteca Nueva,
_cimp. 1928.
300 _a188 p. :
_bil. ;
_c19 cm.
490 1 _aObras completas de Amado Nervo ;
_v19
505 8 _aContiene: "Palabras de Rubén Darío" [sobre Amado Nervo], p. 11-31
700 1 _aReyes, Alfonso,
_d1889-1959
_996554
700 1 _aMarco, Fernando.
_976462
700 1 _aDarío, Rubén,
_d1867-1916
_942720
830 0 _aObras completas de Amado Nervo ;
_v19
_9181423
852 1 _aBA
_jA-5049
_z- Enc. tela roja Calleja
_z. - Donat. de la Junta de Intercambio y Adquisición de Libros para Bibliotecas Públicas
_t- Ejemp. numerado n. 0006
999 _c186342
_d186342